Sports Quiz

Random Sports or NHL Quiz

Backward NHL Team Match-Up Quiz Stats

 Plays Quiz Updated Jul 8, 2021

     
Support Sporcle.
Go Orange.
Score 0/32 Timer 03:00
0 Plays Today
% Correct
EHCN
81.6%
SKWAH
79.7%
SENAC
78.9%
SGNIW
78.8%
STEKCAJ
77.3%
SFAEL
77.2%
SNIU
74.1%
STHGINK
73.8%
SROTA
72.9%
GNIN
72.6%
ST
72.2%
SRE
71.3%
SLAT
70.8%
SRED
70.7%
SNEID
70.4%
SETO
70.3%
% Correct
SKR
69.8%
SROT
69.4%
SREH
67.5%
SER
67.4%
SEM
67.4%
SNI
67.3%
SG
67.1%
SEU
66.7%
SLI
64.5%
DL
62.5%
SREG
61.7%
SKC
59.9%
SKCU
58.9%
SRA
58.5%
NEK
57.9%
SREY
50.7%

From the Vault

Presidential Names

by hscer

History 12m
Please try to remember that Dwayne Elizondo Mountain Dew Herbert Camacho was not an actual US President.
Remove Ads.
Support Sporcle.
Get the best of Sporcle when you Go Orange. This ad-free experience offers more features, more stats, and more fun while also helping to support Sporcle. Thank you for becoming a member.

Show Comments

Extras

Top Quizzes Today


Score Distribution

Your Account Isn't Verified!

In order to create a playlist on Sporcle, you need to verify the email address you used during registration. Go to your Sporcle Settings to finish the process.

Report this User

Report this user for behavior that violates our Community Guidelines.

Details: